| 000 | 00642nam a22002057a 4500 | ||
|---|---|---|---|
| 999 |
_c18161 _d18161 |
||
| 003 | AR-CdUCM | ||
| 008 | 190513b ||||| |||| 00| 0 spa d | ||
| 040 |
_aMUNICIPALIDAD PROVINCIAL DEL CUSCO _cBIBLIOTECA MUNICIPAL DEL CUSCO |
||
| 082 |
_a848.92 / _bG44 |
||
| 100 |
_aGide, André _923876 |
||
| 245 | _aLos alimentos terrestres y los nuevos alimentos / | ||
| 260 |
_aBuenos Aires : _bLosada, _c1953. |
||
| 300 |
_a154 paginas ; _c21 cm. |
||
| 505 | _aContenido: Tipos de alimentos | ||
| 650 |
_aAlimentos _97656 |
||
| 650 |
_aTerrestres _938588 |
||
| 700 |
_aEchávarri, Luis _938589 |
||
| 942 |
_2ddc _cLIBROS |
||
| 945 |
_apjha _d2019-05-13 |
||